000
00232nam a2200097Ia 4500
005
20251222154405.0
008
251222s9999||||xx |||||||||||||| ||spa||
082
_a
REF.985.008/C76/T.XIX/V.III
245
0
_a
La universidad
942
_c
LIB
999
_c
35442
_d
35442